Conceptual physics / (Record no. 181695)
[ view plain ]
| 000 -LEADER | |
|---|---|
| fixed length control field | 01027 a2200217 4500 |
| 003 - CONTROL NUMBER IDENTIFIER | |
| control field | Nust |
| 005 - DATE AND TIME OF LATEST TRANSACTION | |
| control field | 20221125095258.0 |
| 010 ## - LIBRARY OF CONGRESS CONTROL NUMBER | |
| LC control number | 84021803 |
| 020 ## - INTERNATIONAL STANDARD BOOK NUMBER | |
| International Standard Book Number | 47104640x |
| 040 ## - CATALOGING SOURCE | |
| Transcribing agency | Nust |
| 082 00 - DEWEY DECIMAL CLASSIFICATION NUMBER | |
| Classification number | 530,BAL |
| 100 1# - MAIN ENTRY--PERSONAL NAME | |
| Personal name | Ballif , Jae R |
| 9 (RLIN) | 103566 |
| 245 10 - TITLE STATEMENT | |
| Title | Conceptual physics / |
| Statement of responsibility, etc. | Jae .R Ballif |
| 260 ## - PUBLICATION, DISTRIBUTION, ETC. | |
| Place of publication, distribution, etc. | New York |
| Name of publisher, distributor, etc. | Wiley |
| 300 ## - PHYSICAL DESCRIPTION | |
| Extent | xx, 637 p. : |
| Other physical details | ill. ; |
| Dimensions | 25 cm. |
| 505 ## - FORMATTED CONTENTS NOTE | |
| Formatted contents note | The First Law of Motion and the Special Principle of Relativity (Page-1), The Second Law of Motion (Page-63), The Third Law of Motion (Page-99), Gravitational Interactions (Page-121), Further Applications of the Laws of Force and Motions (Page-177), Conservation of Energy (Page-237), Molecular Order and Chaos (Page-275), Electric Charge and Fields (Page-309), Waves (Page-351), Modern Relativity (Page-391), Quantum Physics (Page-447), The Nuclear Forces (Page-493), System of the World , Modern View (Page-531). |
| 650 #0 - SUBJECT ADDED ENTRY--TOPICAL TERM | |
| Topical term or geographic name entry element | Physics. |
| 700 1# - ADDED ENTRY--PERSONAL NAME | |
| Personal name | Hewitt, Paul G. |
| 9 (RLIN) | 8811 |
| 740 0# - ADDED ENTRY--UNCONTROLLED RELATED/ANALYTICAL TITLE | |
| Uncontrolled related/analytical title | Physics. |
| 942 ## - ADDED ENTRY ELEMENTS (KOHA) | |
| Source of classification or shelving scheme | |
| Koha item type | Book |
| Call number prefix | 530,BAL |
| Withdrawn status | Lost status | Source of classification or shelving scheme | Damaged status | Not for loan | Permanent Location | Current Location | Shelving location | Date acquired | Full call number | Barcode | Date last seen | Price effective from | Koha item type | Public note |
|---|---|---|---|---|---|---|---|---|---|---|---|---|---|---|
| Military College of Signals (MCS) | Military College of Signals (MCS) | General Stacks | 12/12/2016 | 530,BAL | MCS6107 | 12/08/2016 | 12/12/2016 | Book | Almirah No. 15 Shelf No. 1 |
